| 000 | 01246nas a2200265 i 4500 | ||
|---|---|---|---|
| 001 | 182869 | ||
| 003 | ES-MaACL | ||
| 005 | 20250217134909.0 | ||
| 008 | 131120c1962 sp a| | ||pa d | ||
| 022 | _a0561-4473 | ||
| 080 | _a347.97/.99(460)(083.41) | ||
| 245 | 0 | 0 |
_aEstadísticas judiciales de España / _cPresidencia de Gobierno, Instituto Nacional de Estadística. |
| 260 |
_aMadrid : _bInstituto Nacional de Estadística, _c1962- |
||
| 300 |
_a16 v. ; _c26 cm. |
||
| 310 | _aAnual | ||
| 321 | _aBienal desde 1960/61 hasta 1962/63 y desde 1970/71 hasta 1974/75 | ||
| 362 | 0 | _a1959- | |
| 580 | _aFusión de: Estadística penitenciaria = ISSN 0561-4465; y de: Estadística judicial civil y de lo contencioso administrativo = ISSN 0561-4449; y de: Estadística penal de España = ISSN 0561-4457; y de: Estadística de los tribunales tutelares de menores = ISSN 0490-3080. | ||
| 580 | _aSe separa de ésta publ. en 1987: Estadística de los Tribunales Tutelares de Menores (1987) = ISSN 1886-5585. | ||
| 650 | 0 | 4 |
_aAdministración de justicia- _zEspaña- _vEstadísticas. _99623 |
| 710 | 2 |
_aInstituto Nacional de Estadística (España) _95162 |
|
| 852 |
_aES-MaACL _jHEM-D-209 |
||
| 866 | 0 | _o1959-1979. | |
| 999 |
_c182869 _d182869 |
||